Historia de la filosofía
Saved in:
| 格式: | 圖書 |
|---|---|
| 語言: | 西班牙语 |
| 出版: |
Ciudad de México
Siglo Veintiuno
1984
|
| 版: | 10a. ed |
| 主題: | |
| 標簽: |
添加標簽
沒有標簽, 成為第一個標記此記錄!
|
MARC
| LEADER | 00000nam a2200000 a 4500 | ||
|---|---|---|---|
| 001 | UCW8107 | ||
| 003 | CL-VaPUC | ||
| 008 | 880518e19840000MX |||||||||||||||||spa|d | ||
| 020 | |a 8432301124 obra completa | ||
| 020 | |a 8432300128 v.1 | ||
| 082 | 0 | 4 | |a 109 |b HIS |2 21 |
| 245 | 1 | 0 | |a Historia de la filosofía |
| 250 | |a 10a. ed | ||
| 300 | |a v | ||
| 942 | |c BK | ||
| 945 | |d 19880518 00:00:00 |a aalvarez | ||
| 260 | |a Ciudad de México |b Siglo Veintiuno |c 1984 | ||
| 500 | |a Incluye un cuadro cronológico donde se recogen los principales acontecimientos concernientes a la historia de la filosofía | ||
| 500 | |a v.1: El pensamiento prefilosófico y oriental. Egipto, Mesopotamia, Palestina, India, China | ||
| 500 | |a v.3: Del mundo romano al islam medieval | ||
| 500 | |a v.4: La filosofía medieval en Occidente | ||
| 500 | |a v.5: La filosofía del renacimiento | ||
| 500 | |a v.6: Racionalismo, empirismo, ilustración | ||
| 500 | |a v.7: La filosofía alemana, de Leibniz a Hegel | ||
| 500 | |a v.8: La filosofía en el siglo XIX | ||
| 500 | |a v.9: Las filosofias nacionales siglos XIX y XX | ||
| 500 | |a v.10: La filosofía en el siglo XX | ||
| 500 | |a v.11: La filosofía en Oriente | ||
| 650 | 0 | |a Historia de la filosofía |9 256920 | |
| 583 | |a last modification |c 19880518 00:00:00 |k Rodrigo Vera | ||
| 999 | |c 220584 |d 220582 | ||
| 952 | |0 0 |1 0 |4 0 |6 109_000000000000000_HIS_1984 |7 0 |8 A |9 213025 |a BIBTEO |b BIBTEO |d 2019-11-15 |h v.1 |i 2813327 |o 109 HIS 1984 |p 2813327 |r 2025-01-17 |w 2019-11-15 |y BK |k ICR | ||